Насељена мјеста Града Чачка - Statistics

General Stats
  • This quiz has been taken 33 times
  • The average score is 13 of 58
Answer Stats
Одговор % Correct
Атеница
92%
Љубић
75%
Мрчајевци
58%
Прељина
58%
Трнава
58%
Заблаће
50%
Слатина
50%
Коњевићи
42%
Трбушани
42%
Виљуша
33%
Горња Трепча
33%
Миоковци
33%
Паковраће
33%
Пријевор
33%
Прислоница
33%
Бресница
25%
Горња Горевница
25%
Катрга
25%
Кулиновци
25%
Мојсиње
25%
Риђаге
25%
Чачак
25%
Бељина
17%
Горичани
17%
Доња Горевница
17%
Доња Трепча
17%
Жаочани
17%
Јездина
17%
Кукићи
17%
Лозница
17%
Милићевци
17%
Мршинци
17%
Овчар Бања
17%
Петница
17%
Ракова
17%
Станчићи
17%
Балуга Љубићска
8%
Балуга Трнавска
8%
Бањица
8%
Бечањ
8%
Брезовица
8%
Вапа
8%
Вранићи
8%
Врнчани
8%
Вујетинци
8%
Јанчићи
8%
Јежевица
8%
Качулице
8%
Липница
8%
Међувршје
8%
Остра
8%
Парменац
8%
Премећа
8%
Придворица
8%
Рајац
8%
Рошци
8%
Соколићи
8%
Видова
0%
No matching quizzes found
Score Distribution
Percent of People with Each Score
Percentile by Number Answered
Your Score History
You have not taken this quiz